To the rescue! : (Record no. 115016)
[ view plain ]
| 000 -LEADER | |
|---|---|
| fixed length control field | 00386nam a2200145 a 4500 |
| 001 - CONTROL NUMBER | |
| control field | 3222 |
| 005 - DATE AND TIME OF LATEST TRANSACTION | |
| control field | 20140414132119.0 |
| 008 - FIXED-LENGTH DATA ELEMENTS--GENERAL INFORMATION | |
| fixed length control field | 040202s19uu xx 00 eng d |
| 020 ## - INTERNATIONAL STANDARD BOOK NUMBER | |
| International Standard Book Number | 9780749601683 |
| 050 ## - LIBRARY OF CONGRESS CALL NUMBER | |
| Classification number | REF 388.34 |
| Item number | L13 1990 |
| 100 ## - MAIN ENTRY--PERSONAL NAME | |
| Personal name | Lafferty, Peter |
| 245 ## - TITLE STATEMENT | |
| Title | To the rescue! : |
| Remainder of title | The story of emergency vehicles. |
| 650 ## - SUBJECT ADDED ENTRY--TOPICAL TERM | |
| Topical term or geographic name as entry element | Adventures and adventure. |
| Withdrawn status | Lost status | Damaged status | Home library | Current library | Shelving location | Date acquired | Source of acquisition | Total Checkouts | Full call number | Barcode | Date last seen | Price effective from | Koha item type |
|---|---|---|---|---|---|---|---|---|---|---|---|---|---|
| Munich Library | Munich Library | Reference Section | 11/23/2011 | REF 388.34 L13 1990 | M6971 | 04/14/2014 | 04/14/2014 | Books |